000 nam a22 7a 4500
999 _c8884
_d8884
008 180120b ||||| |||| 00| 0 eng d
100 _aSawhney P
_9339
245 _aWorkbook of Science
260 _aNew Delhi
_bAvichal Publication
_c2008